Normal view MARC view
  • Television

Entry Topical Term

Number of records used in: 1

001 - CONTROL NUMBER

  • control field: 106254

003 - CONTROL NUMBER IDENTIFIER

  • control field: NUST

005 - DATE AND TIME OF LATEST TRANSACTION

  • control field: 20221228153000.0

008 - FIXED-LENGTH DATA ELEMENTS

  • fixed length control field: 221228|| aca||aabn | a|a d

040 ## - CATALOGING SOURCE

  • Original cataloging agency: NUST
  • Transcribing agency: NUST

150 ## - HEADING--TOPICAL TERM

  • Topical term or geographic name entry element: Television
  • General subdivision: Repairing

670 ## - SOURCE DATA FOUND

  • Source citation: Work cat.: (NUST)183258: Zbar, Paul B., 74617, Basic television :, c1978.
© 2023 Central Library, National University of Sciences and Technology. All Rights Reserved.